00813nam a2200181Ia 4500008004100000020001500041041001200056082001100068100001800079245005800097260003600155300000900191650001400200942000700214999001500221952019900236952019600435221030s9999 xx 000 0 und d a8121902630 aEnglish a105.23 aSatya Prakash 0aAdvanced Inorganic Chemistry Vol. Icby Satya Prakash bS. Chand & Co.aNew Delhic2008 a1391 aChemistry cBK c8834d8834 pBE 10351g490.00hIi76l0o105.23 eDurga Books, Amritsarr2024-06-13 00:00:00w2022-10-30yBK003Print4071aMIETLIBbMIETLIBcBL-Academic Block B, FL-1, CUP-59, SH-5, R-5d2010-02-1910HBE pBE 10352g490.00i76l0o105.23 eDurga Books, Amritsarr2024-06-13 00:00:00w2022-10-30yBK003Print4070aMIETLIBbMIETLIBcBL-Academic Block C, FL-2, CUP-88, SH-6, R-6d2010-02-1910HBE